Апостолът отново в премеждие (Запис номер 512251)
[ съкратено ]
| 000 -Лидер | |
|---|---|
| Лидер | 01576 a2200301 4500 |
| 003 - Код на организацията, давaща контролен номер | |
| Код на организацията, даваща контролен номер | BLK |
| 005 - Дата и час на последна редакция | |
| Дата и час на последна редакция | 20250318005549.0 |
| 007 - Фиксирано поле за физическо описани | |
| Физическо описание | ta |
| 008 - Елементи от данни с фиксирана дължина | |
| Елементи с фиксирана дължина | 221104b bu |||||r|||| 00| | bu d |
| 040 ## - Източник на каталожния запис | |
| Код на библиотеката | BLK |
| 041 ## - Код за език | |
| Език | Български |
| Език за КДБФ | Български |
| 080 ## - УДК | |
| УДК текст | Освобождение на България. Руско-турска война (1877-1878) |
| УДК код | 94(497.2)"1877/1878" |
| УДК – определител | (092) |
| УДК – код + определител | 94(497.2)"1877/1878"(092) |
| 080 ## - УДК | |
| УДК текст | Васил Иванов Кунчев, известен и като Апостола на свободата, идеолог и организатор на българската национална революция, национален герой |
| УДК код | 929 Левски, Васил |
| УДК – код + определител | 929 Левски, Васил |
| 100 ## - Редна дума - Автор | |
| Автор | Хайтов, Николай Александров |
| Години, свързани с автора | 1919-2002 |
| Биография на автора | Писател. Драматург. |
| R(LIN) | 431013 |
| 245 ## - Сведения за заглавието | |
| Заглавие | Апостолът отново в премеждие |
| Авторска отговорност | Николай Хайтов |
| 300 ## - Физическа характеристика | |
| Брой страници | с. 105-111 |
| 520 ## - Забележка за наличие на резюме, анотация и т.н | |
| Анотация, рецензия | Слово на Николай Хайтов, произнесено на 18.02.1993 в Бяла, Русенско. |
| 600 14 - Име на лице, използвано като предмет | |
| 9 (RLIN) | 88153 |
| За него / За нея | Левски, Васил |
| 651 #7 - Допълнително описание по предмет - топоним | |
| 9 (RLIN) | 179464 |
| Географско понятие | Русенско |
| 653 ## - Ключова дума – ненормативна | |
| 9 (RLIN) | 188913 |
| Ключови думи | комитети |
| 653 ## - Ключова дума – ненормативна | |
| 9 (RLIN) | 195345 |
| Ключови думи | революционери |
| 773 0# - Описание на основна библиографска единица при аналитични записи (многотомни) | |
| Заглавие на източника | И знаме, и олтар |
| Международен стандартен номер на книгата ISBN | 954-528-007-7 |
| Място на издаване, издател и година | София Къща "Труд" 1993 |
| Информация за връзката | . // |
| Контролен номер на записа | 370877 |
| 856 ## - Електронен адрес и достъп | |
| Инструкция (цена за достъп) | 0.00 |
| Права за достъп | disable |
| 942 ## - АРТИКУЛИ | |
| Източник на класификационната схема | Universal Decimal Classification |
| Вид на библиотечния документ | Статия |
| Скрит в OPAC | Не |
| 944 ## - СЪЗДАВАНЕ И РЕДАКЦИЯ на ЗАПИСА | |
| Дата на регистрацията/редакция | Виолета Тройчева |
| Служител, извършил регистрацията/редакцията | |
| Номер на служител | CRON CRON |
| 999 ## - СИСТЕМНИ КОНТРОЛНИ НОМЕРА | |
| Koha biblionumber | 512251 |
| Koha biblioitemnumber | 512251 |
| 999 ## - СИСТЕМНИ КОНТРОЛНИ НОМЕРА | |
| Koha biblioitemnumber | 512251 |
| 999 ## - СИСТЕМНИ КОНТРОЛНИ НОМЕРА | |
| Koha biblioitemnumber | 512251 |
Няма налични копия.